000 nam a22 a 4500
999 _c171856
_d171856
003 BLK
005 20220222101538.0
008 180411b bul|||||r ||||||| ||bul||
010 _aKNG00180147000
040 _aBLK
041 _aBUL
_cBUL
080 _aГрадинарството в цялост. Овощарство
_b634
_x(02.062)
_z634(02.062)
100 1 _aПетров, Славчо
_eпърви автор
_9369487
139 _aПетров, Славчо
_bП 47
245 1 0 _aСлънце на нашата трапеза
_b[Овощните растения] : Науч.-попул. очерк
_cСлавчо Петров; * Славчо Петров Попилиев; худож. Крум Шопов.
257 _aBGR
260 _bНар. младеж
_c1962
300 _a107 с.
_bс ил.
_c25 см
_eил. (4 л.)
380 _a63
490 1 _aЖивотът около нас
500 _aПълното име на първия авт. е Славчо Петров Попилиев. - 5 100 тир. - Продължение на кн. Растения, които ни хранят и обличат.
650 4 _aОвощарство
_9164804
650 4 _aГрадинарство
_9152389
653 _aзеленчуци
653 _aплодове
653 _aовощарство
653 _aградинарство
700 1 _aПопилиев, Славчо Петров
_e*
_9307236
700 1 _aШопов, Крум
_eхудож.
_9339072
852 _aЦб 24754
856 4 _qpdf
856 4 _qpdf
942 _cKNG
_n0
_s1
944 _aCR
_c21.08.2015
_lф /
_kЛюдмила_Стоянова
944 _aED
_c2022-02-22
_kКети Илиева